[Event "C.to Italiano Semifinale"]
[Site "San Martino di Castrozza - Siror ITA"]
[Date "2003.06.24"]
[Round "4"]
[White "Ricci, Marco"]
[Black "Sbarra, Marco"]
[Result "0-1"]
[WhiteElo "2165"]
[BlackElo "2217"]
[PlyCount "72"]
[EventDate "2003.06.21"]

1. e4 c5 2. Nf3 Nc6 3. d4 cxd4 4. Nxd4 e6 5. Nb5 d6 6. Bf4 e5 7. Be3 a6 8. N5c3
Nf6 9. Bg5 Be6 10. Nd2 b5 11. Nf3 Be7 12. Bxf6 Bxf6 13. a4 bxa4 14. Rxa4 O-O
15. Bc4 Nd4 16. Nd5 Bg4 17. c3 Bxf3 18. gxf3 Ne6 19. Rxa6 Rxa6 20. Bxa6 Bh4 21.
Bc4 Qc8 22. Qe2 Kh8 23. Nb6 Qc7 24. Nd5 Qa7 25. O-O f5 26. Qe3 Qf7 27. exf5 Ng5
28. Kg2 Qxf5 29. Be2 Qh3+ 30. Kg1 Rxf3 31. Qb6 h6 32. Qd8+ Kh7 33. Ne7 Qe6 34.
Bxf3 Nxf3+ 35. Kg2 Bxe7 36. Qe8 Qg4+ 0-1

[Event "C.to Italiano Semifinale"]
[Site "San Martino di Castrozza - Siror ITA"]
[Date "2003.06.24"]
[Round "4"]
[White "Rossi, Damiano"]
[Black "Rossi, Giampiero"]
[Result "0-1"]
[WhiteElo "1840"]
[BlackElo "2052"]
[PlyCount "114"]
[EventDate "2003.06.21"]

1. d4 d5 2. Nf3 c6 3. c4 e6 4. Nc3 Nf6 5. e3 Nbd7 6. Qc2 Be7 7. b3 O-O 8. Bd3
b6 9. Bb2 Bb7 10. O-O Rc8 11. Rac1 Qc7 12. Rfd1 Rfd8 13. Qe2 Qb8 14. e4 dxe4
15. Nxe4 c5 16. Ned2 cxd4 17. Bxd4 Nc5 18. Bb1 Qa8 19. Bb2 Nce4 20. Nxe4 Bxe4
21. Bxe4 Qxe4 22. Qxe4 Nxe4 23. Ne1 Bc5 24. Nd3 Rxd3 25. Rxd3 Nxf2 26. Rd7 Nd3+
27. Kf1 Nxc1 28. Bxc1 a5 29. Ke2 f6 30. Be3 Bxe3 31. Kxe3 Rc6 32. Kd4 h5 33. a3
Kh7 34. b4 axb4 35. axb4 Kg6 36. b5 e5+ 37. Kd3 Rc8 38. Rb7 Rd8+ 39. Ke3 Rd6
40. Rc7 Re6 41. Kd3 f5 42. Ke3 Kf6 43. Rc8 g6 44. Rc7 e4 45. g3 g5 46. Rh7 Kg6
47. Rc7 h4 48. Rc6 Kf6 49. c5 bxc5 50. Rxc5 Rd6 51. gxh4 Rd3+ 52. Ke2 gxh4 53.
Rc6+ Kg5 54. Rb6 Kf4 55. Rh6 Rh3 56. b6 Rxh2+ 57. Kf1 Kf3 0-1

[Event "C.to Italiano Semifinale"]
[Site "San Martino di Castrozza - Siror ITA"]
[Date "2003.06.24"]
[Round "4"]
[White "Sorcinelli, Francesco"]
[Black "Campanile, Roberto"]
[Result "1-0"]
[WhiteElo "1962"]
[BlackElo "2184"]
[PlyCount "37"]
[EventDate "2003.06.21"]

1. e4 c5 2. Nf3 d6 3. d4 cxd4 4. Nxd4 Nf6 5. Nc3 a6 6. f3 e6 7. Be3 Nbd7 8. g4
h6 9. Qd2 b5 10. O-O-O Bb7 11. h4 b4 12. Nce2 d5 13. Bh3 dxe4 14. g5 exf3 15.
gxf6 fxe2 16. Qxe2 Bxh1 17. Nxe6 Qc8 18. Nxg7+ Bxg7 19. Bc5+ 1-0

[Event "C.to Italiano Semifinale"]
[Site "San Martino di Castrozza - Siror ITA"]
[Date "2003.06.24"]
[Round "4"]
[White "Stroppa, Daniel"]
[Black "Baracchi, Filippo"]
[Result "1-0"]
[WhiteElo "2279"]
[BlackElo "1801"]
[PlyCount "65"]
[EventDate "2003.06.21"]

1. Nf3 Nf6 2. g3 g6 3. Bg2 Bg7 4. O-O O-O 5. c4 d6 6. Nc3 c6 7. d4 Nbd7 8. d5
cxd5 9. cxd5 Ne8 10. e4 Ndf6 11. h3 Nc7 12. Bg5 h6 13. Be3 Bd7 14. Nd4 e6 15.
dxe6 fxe6 16. Qb3 Rb8 17. Rfd1 Kh7 18. Ndb5 Nxb5 19. Nxb5 Bxb5 20. Qxb5 a6 21.
Qb4 Ne8 22. Rd2 Rf7 23. Rad1 Rd7 24. h4 b5 25. Bh3 Re7 26. Qb3 Qd7 27. Bf4 Rb6
28. e5 d5 29. Rxd5 Qc7 30. Rd6 Qb8 31. Rd7 Rxd7 32. Rxd7 Nc7 33. h5 1-0

[Event "C.to Italiano Semifinale"]
[Site "San Martino di Castrozza - Siror ITA"]
[Date "2003.06.24"]
[Round "4"]
[White "Vezzosi, Paolo"]
[Black "Iotti, Pierluigi"]
[Result "1/2-1/2"]
[WhiteElo "2372"]
[BlackElo "2314"]
[PlyCount "82"]
[EventDate "2003.06.21"]

1. c4 c5 2. g3 Nf6 3. Bg2 e6 4. Nf3 Qc7 5. O-O b6 6. Nc3 a6 7. d4 cxd4 8. Qxd4
Nc6 9. Qh4 Be7 10. Bf4 d6 11. Rac1 Bb7 12. Rfd1 h6 13. Be3 Nd7 14. Qh3 Nce5 15.
Nxe5 Nxe5 16. Na4 Nd7 17. Bxb7 Qxb7 18. Qg4 h5 19. Qd4 Rb8 20. f3 O-O 21. Nc3
Rfc8 22. Ne4 Rc6 23. b4 Rbc8 24. a4 d5 25. cxd5 Rxc1 26. Rxc1 Rxc1+ 27. Bxc1
Qxd5 28. Qxd5 exd5 29. Nc3 Bxb4 30. Nxd5 Bc5+ 31. Kf1 b5 32. axb5 axb5 33. Bb2
Nb6 34. Nxb6 Bxb6 35. e4 Kf8 36. Ke2 g6 37. h3 Ke7 38. g4 Kd6 39. Kd3 Ke6 40.
f4 hxg4 41. hxg4 Bc5 1/2-1/2

[Event "C.to Italiano Semifinale"]
[Site "San Martino di Castrozza - Siror ITA"]
[Date "2003.06.25"]
[Round "5"]
[White "Battaglia, Edoardo"]
[Black "Rossi, Damiano"]
[Result "1/2-1/2"]
[WhiteElo "1600"]
[BlackElo "1840"]
[PlyCount "47"]
[EventDate "2003.06.21"]

1. e4 e6 2. d4 d5 3. Be3 dxe4 4. Nd2 Nf6 5. c3 Bd7 6. Qc2 Bc6 7. g3 Be7 8. Bg2
O-O 9. Nxe4 Nxe4 10. Bxe4 Bxe4 11. Qxe4 c6 12. Nf3 Nd7 13. O-O Nf6 14. Qc2 Qd7
15. Ne5 Rac8 16. f4 h6 17. f5 c5 18. fxe6 Qxe6 19. Qf5 Qxf5 20. Rxf5 cxd4 21.
Bxd4 Bc5 22. Nf3 Bxd4+ 23. Nxd4 a6 24. Re5 1/2-1/2

[Event "C.to Italiano Semifinale"]
[Site "San Martino di Castrozza - Siror ITA"]
[Date "2003.06.25"]
[Round "5"]
[White "Brignone, Roberto"]
[Black "Calisi, Elia"]
[Result "1-0"]
[WhiteElo "2149"]
[BlackElo "1600"]
[PlyCount "55"]
[EventDate "2003.06.21"]

1. e4 c5 2. Nf3 Nc6 3. d4 cxd4 4. Nxd4 Nf6 5. Nc3 e5 6. Ndb5 d6 7. Bg5 a6 8.
Na3 b5 9. Bxf6 gxf6 10. Nd5 f5 11. c3 Bg7 12. exf5 Bxf5 13. Nc2 O-O 14. Nce3
Be6 15. Bd3 f5 16. Bc2 Ne7 17. O-O Ng6 18. a4 Nh4 19. f4 e4 20. axb5 axb5 21.
Rxa8 Qxa8 22. Nc7 Qa7 23. Nxe6 Qxe3+ 24. Kh1 Re8 25. Ng5 h6 26. Bb3+ Kf8 27.
Qd5 Re7 28. Qg8# 1-0

[Event "C.to Italiano Semifinale"]
[Site "San Martino di Castrozza - Siror ITA"]
[Date "2003.06.25"]
[Round "5"]
[White "Campanile, Roberto"]
[Black "Astengo, Marcello"]
[Result "1-0"]
[WhiteElo "2184"]
[BlackElo "2055"]
[PlyCount "105"]
[EventDate "2003.06.21"]

1. d4 d5 2. Nf3 Nf6 3. c4 c6 4. Nc3 Qb6 5. e3 Bg4 6. Be2 Nbd7 7. O-O e6 8. a3
Be7 9. Bd2 O-O 10. b4 Rac8 11. c5 Qc7 12. h3 Bh5 13. b5 h6 14. a4 Bg6 15. a5
Qb8 16. a6 b6 17. bxc6 Rxc6 18. Bb5 Rfc8 19. Bxc6 Rxc6 20. Qa4 Qa8 21. cxb6
Nxb6 22. Qb5 Nc4 23. Qb7 Qe8 24. Ne5 Rc8 25. Nxc4 dxc4 26. Qxa7 Ne4 27. Nxe4
Bxe4 28. Bc3 Bd6 29. Qb6 Bc7 30. Qb4 Qc6 31. f3 Bd3 32. Rfc1 Rb8 33. Qc5 Qd7
34. a7 Ra8 35. Ra6 Bd8 36. Rca1 Bg5 37. Kf2 Bh4+ 38. g3 Be7 39. Qc6 Rxa7 40.
Qxd7 Rxd7 41. Ra7 Rxa7 42. Rxa7 Bf6 43. h4 h5 44. e4 g6 45. Ke3 Bg7 46. Ra8+
Kh7 47. Ba1 Bh6+ 48. f4 Bg7 49. d5 Bxa1 50. Rxa1 exd5 51. exd5 Kg7 52. Kd4 Kf6
53. Ra4 1-0

[Event "C.to Italiano Semifinale"]
[Site "San Martino di Castrozza - Siror ITA"]
[Date "2003.06.25"]
[Round "5"]
[White "Cocchi, Andrea"]
[Black "Contini, Luca"]
[Result "1-0"]
[WhiteElo "2311"]
[BlackElo "2337"]
[PlyCount "119"]
[EventDate "2003.06.21"]

1. g3 d5 2. Nf3 g6 3. Bg2 Bg7 4. O-O c6 5. d3 Bg4 6. Nbd2 e5 7. c4 d4 8. c5
Bxf3 9. exf3 Ne7 10. Nc4 O-O 11. f4 Nd7 12. b4 exf4 13. Bxf4 Nf6 14. Qb3 Nfd5
15. Bg5 Qd7 16. Rfe1 Bf6 17. Bd2 b6 18. Ne5 Bxe5 19. Rxe5 bxc5 20. bxc5 Rab8
21. Qc4 Rb2 22. Ba5 Rb5 23. Be1 Nf6 24. Bd2 Kg7 25. Rae1 Neg8 26. h3 h5 27. Bg5
Rb2 28. Qa4 Rb5 29. Qa6 Rc8 30. a4 Rb4 31. Bd2 Rb2 32. Bc1 Rc2 33. R5e2 Rxe2
34. Rxe2 Ne7 35. Qc4 Nf5 36. Bf4 Rd8 37. Be5 Re8 38. Qb4 Re6 39. g4 hxg4 40.
hxg4 Rxe5 41. Rxe5 Nxg4 42. Re4 Nf6 43. Re1 Nh4 44. Qb8 Nxg2 45. Kxg2 Qd5+ 46.
Kg1 Qxc5 47. Qe5 Qxe5 48. Rxe5 Nd5 49. Kf1 Kf6 50. Re8 Nf4 51. Rc8 Nxd3 52.
Rxc6+ Ke5 53. Ra6 Nc5 54. Rxa7 Kd5 55. a5 f5 56. Rg7 Kc6 57. Rxg6+ Kb5 58. a6
Nxa6 59. Rd6 Nc7 60. Rxd4 1-0

[Event "C.to Italiano Semifinale"]
[Site "San Martino di Castrozza - Siror ITA"]
[Date "2003.06.25"]
[Round "5"]
[White "Di Paolo, Raffaele"]
[Black "Passerotti, Pierluigi"]
[Result "1-0"]
[WhiteElo "2320"]
[BlackElo "2278"]
[PlyCount "91"]
[EventDate "2003.06.21"]

1. e4 c5 2. Nf3 d6 3. Bb5+ Nc6 4. O-O Bd7 5. Re1 Nf6 6. Nc3 e6 7. d4 cxd4 8.
Nxd4 Nxd4 9. Qxd4 Bxb5 10. Nxb5 a6 11. Nc3 Be7 12. a4 O-O 13. Bg5 Qa5 14. Bh4
Rfd8 15. Rad1 Rac8 16. Rd3 Qc5 17. Red1 Qxd4 18. Rxd4 Kf8 19. Kf1 Ke8 20. f3
Ng4 21. Bxe7 Ne3+ 22. Ke2 Nxd1 23. Bxd8 Nxc3+ 24. bxc3 Rxd8 25. Rb4 Rd7 26. c4
Kd8 27. Kd3 Kc7 28. a5 Rd8 29. Kd4 h5 30. h4 Rg8 31. f4 f6 32. Rb3 g5 33. hxg5
fxg5 34. f5 exf5 35. exf5 g4 36. g3 Re8 37. Re3 Rf8 38. Ke4 Kc6 39. Kf4 Kc5 40.
Re7 Kxc4 41. Rxb7 Kc3 42. Rb6 h4 43. gxh4 g3 44. Rxd6 Kxc2 45. Rg6 Rh8 46. Kxg3
1-0

[Event "C.to Italiano Semifinale"]
[Site "San Martino di Castrozza - Siror ITA"]
[Date "2003.06.25"]
[Round "5"]
[White "Ferri, Stefano"]
[Black "Pechy, Alaster"]
[Result "1-0"]
[WhiteElo "2069"]
[BlackElo "2115"]
[PlyCount "155"]
[EventDate "2003.06.21"]

1. c4 Nf6 2. Nc3 g6 3. Nf3 Bg7 4. e4 d6 5. d4 O-O 6. Be2 Nc6 7. O-O e5 8. d5
Ne7 9. Ne1 Nd7 10. Nd3 f5 11. f3 f4 12. Bd2 Nf6 13. g4 fxg3 14. hxg3 c6 15. Be3
a6 16. Qd2 Bd7 17. Kg2 b5 18. dxc6 Nxc6 19. cxb5 Nd4 20. bxa6 Qc8 21. Nb4 Bh3+
22. Kh2 Nxe2 23. Qxe2 Bxf1 24. Rxf1 Rf7 25. a7 Qf8 26. Kg2 Bh6 27. Bf2 Rb7 28.
a3 Qc8 29. Rd1 Bf8 30. Qd3 Qd7 31. Nbd5 Nxd5 32. Nxd5 Qd8 33. b4 Raxa7 34. Bxa7
Rxa7 35. Qb3 Kg7 36. Rc1 Qa8 37. Rc7+ Rxc7 38. Nxc7 Qb8 39. Nd5 Qb5 40. Qc2 g5
41. a4 Qe8 42. g4 h5 43. Qc7+ Kh6 44. Nf6 Qg6 45. Nxh5 Qe6 46. Qd8 Bg7 47. Nxg7
Qa2+ 48. Kg3 Kxg7 49. Qe7+ Kg8 50. Qxd6 Qa1 51. Qd5+ Kg7 52. Kf2 Qb2+ 53. Kf1
Qc1+ 54. Ke2 Qc2+ 55. Qd2 Qxa4 56. Qxg5+ Kh7 57. Qd2 Qa1 58. b5 Qa7 59. Kf1 Qc5
60. Qb2 Kg6 61. b6 Qc8 62. b7 Qb8 63. Kg2 Kh6 64. Kg3 Kg5 65. Qd2+ Kg6 66. Qd7
Kh6 67. Qe7 Qa7 68. Qd6+ Kh7 69. Qe7+ Kg6 70. Qe6+ Kh7 71. Qf7+ Kh6 72. g5+
Kxg5 73. Qg7+ Kh5 74. Qxe5+ Kg6 75. b8=Q Qg1+ 76. Kh3 Qf1+ 77. Kh4 Qh1+ 78. Qh2
1-0

[Event "C.to Italiano Semifinale"]
[Site "San Martino di Castrozza - Siror ITA"]
[Date "2003.06.25"]
[Round "5"]
[White "Guclu, Yaman"]
[Black "Damia, Angelo"]
[Result "1/2-1/2"]
[WhiteElo "1771"]
[BlackElo "1991"]
[PlyCount "39"]
[EventDate "2003.06.21"]

1. e4 c5 2. Nf3 a6 3. c3 d6 4. d4 cxd4 5. cxd4 g6 6. Bc4 Nf6 7. Nc3 Bg7 8. a4
O-O 9. O-O Nc6 10. Re1 Bg4 11. Be3 Nxe4 12. Nxe4 d5 13. Bd3 dxe4 14. Bxe4 Bxd4
15. Bxd4 Bxf3 16. Bxf3 Qxd4 17. Bxc6 Qxd1 18. Raxd1 bxc6 19. Rxe7 Rab8 20. Rc7
1/2-1/2

[Event "C.to Italiano Semifinale"]
[Site "San Martino di Castrozza - Siror ITA"]
[Date "2003.06.25"]
[Round "5"]
[White "Iotti, Pierluigi"]
[Black "Mola, Pietro"]
[Result "1/2-1/2"]
[WhiteElo "2314"]
[BlackElo "2265"]
[PlyCount "82"]
[EventDate "2003.06.21"]

1. d4 Nf6 2. c4 e6 3. Nf3 b6 4. g3 Bb7 5. Bg2 c5 6. d5 exd5 7. Nh4 g6 8. O-O
Bg7 9. Nc3 O-O 10. cxd5 d6 11. Bd2 Na6 12. Qc2 Qd7 13. a3 Rfe8 14. Rfe1 Rac8
15. Rad1 b5 16. e4 c4 17. b4 Re7 18. h3 Rce8 19. Qc1 Nc7 20. Be3 Nxe4 21. Nxe4
Rxe4 22. Bxe4 Rxe4 23. Kh2 Nxd5 24. Bh6 Nf6 25. Bxg7 Kxg7 26. Qc3 h5 27. f3
Rxh4 28. gxh4 Qf5 29. Qe3 Bc8 30. f4 d5 31. Rf1 Be6 32. Rf3 Qc2+ 33. Rd2 Qe4
34. Qxe4 Nxe4 35. Rd4 Nd6 36. f5 gxf5 37. Kg3 Kf6 38. Kf4 Ne4 39. Rd1 Nd6 40.
Rg3 Ne4 41. Rf3 Nd6 1/2-1/2

[Event "C.to Italiano Semifinale"]
[Site "San Martino di Castrozza - Siror ITA"]
[Date "2003.06.25"]
[Round "5"]
[White "Ricci, Marco"]
[Black "Baracchi, Filippo"]
[Result "1-0"]
[WhiteElo "2165"]
[BlackElo "1801"]
[PlyCount "89"]
[EventDate "2003.06.21"]

1. e4 c5 2. Nf3 Nc6 3. d4 cxd4 4. Nxd4 Nf6 5. Nc3 e5 6. Ndb5 d6 7. Bg5 a6 8.
Na3 b5 9. Bxf6 gxf6 10. Nd5 Bg7 11. c3 f5 12. exf5 Bxf5 13. Nc2 O-O 14. Be2 Rc8
15. O-O Kh8 16. a4 Qg5 17. axb5 Bxc2 18. Qxc2 axb5 19. Bxb5 Nd4 20. Qa4 Nxb5
21. Qxb5 e4 22. Rad1 Be5 23. Qe2 f5 24. f4 exf3 25. Qxf3 Qh4 26. g3 Rg8 27. Nf4
Rc4 28. Ng2 Qh6 29. Ne3 f4 30. Ng4 Rxg4 31. Qxg4 fxg3 32. Qe2 gxh2+ 33. Kh1 Rc8
34. Rd3 Rg8 35. Rdf3 Qg7 36. Qf2 Qb7 37. Rd1 Bf6 38. Rdd3 Rg1+ 39. Kxh2 Rb1 40.
Rde3 Rxb2 41. Re2 Be5+ 42. Kg2 Bxc3 43. Rxb2 Qxb2 44. Rxc3 Qb7+ 45. Kh2 1-0

[Event "C.to Italiano Semifinale"]
[Site "San Martino di Castrozza - Siror ITA"]
[Date "2003.06.25"]
[Round "5"]
[White "Rossato, Armando"]
[Black "Stroppa, Daniel"]
[Result "0-1"]
[WhiteElo "2192"]
[BlackElo "2279"]
[PlyCount "62"]
[EventDate "2003.06.21"]

1. e4 c6 2. d4 d5 3. Nc3 dxe4 4. Bc4 Nf6 5. f3 exf3 6. Nxf3 Bf5 7. O-O e6 8.
Bg5 Nbd7 9. Qd2 Bd6 10. Rae1 Qc7 11. d5 cxd5 12. Nb5 Qb6+ 13. Kh1 O-O 14. Nxd6
Qxd6 15. Bd3 Bxd3 16. cxd3 Ne8 17. Nd4 Nc7 18. Rf3 f6 19. Bf4 e5 20. Nf5 Qe6
21. Bh6 gxh6 22. Qxh6 Rf7 23. Rg3+ Kh8 24. Rg7 Nf8 25. Rf1 Ne8 26. Rg4 Nd6 27.
Nxd6 Qxd6 28. Rf3 Qe7 29. Rfg3 Ne6 30. h4 Rg7 31. Rxg7 Nxg7 0-1

[Event "C.to Italiano Semifinale"]
[Site "San Martino di Castrozza - Siror ITA"]
[Date "2003.06.25"]
[Round "5"]
[White "Rossi, Giampiero"]
[Black "Cazzaniga, Walter"]
[Result "0-1"]
[WhiteElo "2052"]
[BlackElo "2094"]
[PlyCount "64"]
[EventDate "2003.06.21"]

1. d4 f5 2. Bg5 h6 3. Bh4 g5 4. Bg3 d6 5. e3 Nf6 6. Nd2 Bg7 7. Bd3 Nc6 8. c3 e5
9. f3 Qe7 10. Qe2 Bd7 11. O-O-O O-O-O 12. Nb3 Rde8 13. Bf2 Kb8 14. Qd2 e4 15.
Bc2 Rhf8 16. h4 exf3 17. hxg5 fxg2 18. gxf6 gxh1=Q 19. fxe7 Nxe7 20. Ne2 Qf3
21. Nf4 Nd5 22. Ng6 Rg8 23. Nh4 Qh5 24. Rh1 Bf6 25. Bd1 Qf7 26. Nf3 h5 27. Ne1
Rh8 28. Ng2 Bg5 29. Bf3 Nf6 30. Qc2 Ng4 31. Bg1 h4 32. Na5 Qxa2 0-1

[Event "C.to Italiano Semifinale"]
[Site "San Martino di Castrozza - Siror ITA"]
[Date "2003.06.25"]
[Round "5"]
[White "Sbarra, Marco"]
[Black "Vezzosi, Paolo"]
[Result "1/2-1/2"]
[WhiteElo "2217"]
[BlackElo "2372"]
[PlyCount "92"]
[EventDate "2003.06.21"]

1. e4 c5 2. Nf3 e6 3. b3 Nf6 4. e5 Nd5 5. c4 Nb4 6. Bb2 Be7 7. Nc3 f5 8. d4
cxd4 9. Nxd4 N8c6 10. Nf3 a5 11. Be2 O-O 12. O-O Bc5 13. Qd2 Qe7 14. Rfd1 Nd8
15. a3 Nbc6 16. Na4 b6 17. Ne1 Nf7 18. Nc2 Rb8 19. Bc3 Ng5 20. Bd3 Ne4 21. Bxe4
fxe4 22. Nxc5 bxc5 23. Rab1 Qh4 24. Qe3 a4 25. b4 cxb4 26. axb4 Ne7 27. Qe2 Ng6
28. Ne3 Nf4 29. Qf1 Rf7 30. b5 Bb7 31. Bb4 Qg5 32. Rd2 Nd3 33. Bd6 Ra8 34. Ra1
Nxe5 35. Bxe5 Qxe5 36. Qc1 d5 37. c5 d4 38. Ng4 Qg5 39. c6 Qxg4 40. cxb7 Rxb7
41. Rxd4 Rxb5 42. h3 Qf5 43. Rdxa4 Rf8 44. Qe3 Re5 45. Re1 h6 46. Re2 Rd8
1/2-1/2

[Event "C.to Italiano Semifinale"]
[Site "San Martino di Castrozza - Siror ITA"]
[Date "2003.06.25"]
[Round "5"]
[White "Scalcione, Michelangelo"]
[Black "Drei, Andrea"]
[Result "1-0"]
[WhiteElo "2366"]
[BlackElo "2224"]
[PlyCount "63"]
[EventDate "2003.06.21"]

1. Nf3 f5 2. c4 Nf6 3. g3 g6 4. b4 Bg7 5. Bb2 d6 6. d4 Nbd7 7. Nbd2 e5 8. dxe5
Ng4 9. Nd4 Ndxe5 10. h3 Qe7 11. Qb3 Nf6 12. f4 Nf7 13. Bg2 O-O 14. O-O c5 15.
Nc2 Be6 16. Rfe1 Nd8 17. b5 Ne4 18. Nxe4 fxe4 19. Bxg7 Qxg7 20. Rad1 Qh6 21. h4
a6 22. b6 Qg7 23. Rxd6 Qe7 24. Red1 Nf7 25. R6d2 Rad8 26. Ne3 Rxd2 27. Rxd2 Rd8
28. Rxd8+ Nxd8 29. Bxe4 Bf7 30. Nd5 Qd6 31. Qc3 Ne6 32. Qf6 1-0

[Event "C.to Italiano Semifinale"]
[Site "San Martino di Castrozza - Siror ITA"]
[Date "2003.06.25"]
[Round "5"]
[White "Valenti, Giuseppe"]
[Black "Sorcinelli, Francesco"]
[Result "0-1"]
[WhiteElo "2226"]
[BlackElo "1962"]
[PlyCount "48"]
[EventDate "2003.06.21"]

1. e4 c5 2. Nf3 d6 3. d4 cxd4 4. Nxd4 Nf6 5. Nc3 g6 6. Be3 Bg7 7. f3 O-O 8. Qd2
Nc6 9. O-O-O d5 10. exd5 Nxd5 11. Nxc6 bxc6 12. Nxd5 cxd5 13. Qxd5 Qc7 14. Qc5
Qb7 15. b3 Bf5 16. Bd3 Rac8 17. Qa5 Rc3 18. Rhe1 Bxd3 19. Rxd3 Rxd3 20. cxd3
Rc8+ 21. Bc5 Qd5 22. b4 Qxd3 23. Re4 Bc3 24. Qa3 Bd2+ 0-1

[Event "C.to Italiano Semifinale"]
[Site "San Martino di Castrozza - Siror ITA"]
[Date "2003.06.26"]
[Round "6"]
[White "Astengo, Marcello"]
[Black "Rossi, Giampiero"]
[Result "0-1"]
[WhiteElo "2055"]
[BlackElo "2052"]
[PlyCount "110"]
[EventDate "2003.06.21"]

1. d4 d5 2. Nf3 c6 3. Bf4 Nf6 4. e3 e6 5. h3 Nbd7 6. Bd3 Be7 7. Nbd2 O-O 8. O-O
Re8 9. c3 Nf8 10. Qc2 Ng6 11. Bg3 Bd6 12. Ne5 Bxe5 13. dxe5 Nd7 14. f4 b6 15.
Rad1 Bb7 16. h4 Ndf8 17. h5 Ne7 18. Bh4 Qc7 19. Rf3 c5 20. Rg3 c4 21. Bf6 Neg6
22. hxg6 fxg6 23. Bxg6 Nxg6 24. Rxg6 hxg6 25. Qxg6 Qf7 26. Qg3 Kf8 27. Bg5 Qh5
28. Nf3 Rac8 29. Rd4 Qg6 30. Rd2 Rc7 31. Nd4 Qb1+ 32. Kh2 g6 33. Qh3 Kg8 34.
Kg3 Rh7 35. Qg4 Qe1+ 36. Rf2 Qxe3+ 37. Nf3 d4 38. cxd4 Bxf3 39. Rxf3 Qe1+ 40.
Rf2 Qe3+ 41. Rf3 Qxd4 42. Bf6 Qe4 43. Qg5 Qf5 44. Rc3 Qxg5+ 45. Bxg5 b5 46. Ra3
Rc7 47. Kf2 b4 48. Rh3 Rh7 49. Re3 Rc8 50. Re2 c3 51. bxc3 bxc3 52. Rc2 Rd7 53.
Ke2 Kf7 54. Bf6 Rc4 55. g3 Rd2+ 0-1

[Event "C.to Italiano Semifinale"]
[Site "San Martino di Castrozza - Siror ITA"]
[Date "2003.06.26"]
[Round "6"]
[White "Baracchi, Filippo"]
[Black "Battaglia, Edoardo"]
[Result "1/2-1/2"]
[WhiteElo "1801"]
[BlackElo "1600"]
[PlyCount "52"]
[EventDate "2003.06.21"]

1. e4 c6 2. d4 d5 3. Nd2 dxe4 4. Nxe4 Nd7 5. Bc4 Ngf6 6. Ng5 e6 7. Qe2 Nb6 8.
Bb3 h6 9. N5f3 c5 10. c3 Be7 11. Be3 Nbd5 12. Ne5 Qc7 13. Ngf3 O-O 14. O-O b6
15. Rad1 Bb7 16. h3 Nxe3 17. fxe3 Ne4 18. Rfe1 Bf6 19. Ng4 Be7 20. Nfe5 Bh4 21.
Rf1 Ng3 22. Qf2 Qe7 23. Nf3 Bxf3 24. Qxf3 Nxf1 25. Rxf1 Qc7 26. Qe4 Qe7 1/2-1/2

[Event "C.to Italiano Semifinale"]
[Site "San Martino di Castrozza - Siror ITA"]
[Date "2003.06.26"]
[Round "6"]
[White "Calisi, Elia"]
[Black "Rossi, Damiano"]
[Result "1/2-1/2"]
[WhiteElo "1600"]
[BlackElo "1840"]
[PlyCount "92"]
[EventDate "2003.06.21"]

1. c4 e6 2. Nc3 Nf6 3. e3 c6 4. d4 d5 5. Nf3 a6 6. a3 dxc4 7. Bxc4 b5 8. Be2 c5
9. dxc5 Qxd1+ 10. Bxd1 Bxc5 11. b4 Be7 12. Bb2 Bb7 13. Rc1 O-O 14. O-O Nbd7 15.
Be2 Rac8 16. Nb1 Rxc1 17. Rxc1 Rc8 18. Rxc8+ Bxc8 19. Nbd2 Nb6 20. h3 Bb7 21.
Nb3 Na4 22. Bd4 Ne4 23. Nfd2 Nxd2 24. Nxd2 f6 25. f4 Bd8 26. Nb3 Bb6 27. Bxb6
Nxb6 28. Nc5 Bc8 29. e4 Kf7 30. Kf2 Nd7 31. Nxd7 Bxd7 32. h4 Ke7 33. e5 f5 34.
Bf3 Kd8 35. Ke3 Kc7 36. g4 g6 37. Kd4 Kb6 38. h5 Bc6 39. hxg6 hxg6 40. Bxc6
Kxc6 41. g5 Kd7 42. Ke3 Kc7 43. Kd3 Kb6 44. Kc3 a5 45. Kd3 a4 46. Kc3 Kc6
1/2-1/2

[Event "C.to Italiano Semifinale"]
[Site "San Martino di Castrozza - Siror ITA"]
[Date "2003.06.26"]
[Round "6"]
[White "Contini, Luca"]
[Black "Valenti, Giuseppe"]
[Result "1-0"]
[WhiteElo "2337"]
[BlackElo "2226"]
[PlyCount "75"]
[EventDate "2003.06.21"]

1. d4 Nf6 2. c4 e6 3. Nc3 Bb4 4. e3 b6 5. Nge2 c5 6. a3 Ba5 7. Rb1 Qe7 8. Bd2
Na6 9. d5 O-O 10. g3 exd5 11. Bg2 Nc7 12. b4 cxb4 13. axb4 Bxb4 14. Rxb4 Qxb4
15. Nxd5 Nfxd5 16. Bxb4 Nxb4 17. Qd6 Nba6 18. Bxa8 Nxa8 19. O-O N8c7 20. Nf4
Ne8 21. Qe7 Nf6 22. Nd5 Nxd5 23. cxd5 Nc5 24. Ra1 Ba6 25. e4 h6 26. f3 f5 27.
e5 Bc4 28. e6 Nxe6 29. dxe6 Bxe6 30. Rxa7 Rc8 31. Rc7 Ra8 32. h4 Ra1+ 33. Kf2
Ra2+ 34. Ke3 Ra8 35. Rb7 Rc8 36. Rxb6 Kh7 37. h5 Kg8 38. Rxe6 1-0

[Event "C.to Italiano Semifinale"]
[Site "San Martino di Castrozza - Siror ITA"]
[Date "2003.06.26"]
[Round "6"]
[White "Damia, Angelo"]
[Black "Brignone, Roberto"]
[Result "0-1"]
[WhiteElo "1991"]
[BlackElo "2149"]
[PlyCount "62"]
[EventDate "2003.06.21"]

1. e4 e5 2. Nf3 Nc6 3. d4 exd4 4. Nxd4 Bc5 5. Nf5 d6 6. Nxg7+ Kf8 7. Nh5 Qh4 8.
Ng3 Nf6 9. Nc3 Rg8 10. Be2 Bg4 11. Na4 Bxf2+ 12. Kxf2 Nxe4+ 13. Kg1 Bxe2 14.
Qxe2 Rxg3 15. Bh6+ Qxh6 16. Qxe4 Re3 17. Qf5 Nd4 18. Qf2 Rae8 19. h3 Qg6 20.
Nc3 Ne2+ 21. Nxe2 Rxe2 22. Qf3 Qxc2 23. Rf1 R8e7 24. Qxb7 Qxb2 25. Qc8+ Re8 26.
Qg4 Qxa2 27. Rh2 Re1 28. Qf4 Rxf1+ 29. Kxf1 Rb8 30. Qh6+ Ke8 31. Qe3+ Kd7 0-1

[Event "C.to Italiano Semifinale"]
[Site "San Martino di Castrozza - Siror ITA"]
[Date "2003.06.26"]
[Round "6"]
[White "Drei, Andrea"]
[Black "Cazzaniga, Walter"]
[Result "0-1"]
[WhiteElo "2224"]
[BlackElo "2094"]
[PlyCount "124"]
[EventDate "2003.06.21"]

1. e4 e6 2. d4 d5 3. Nd2 Nf6 4. e5 Nfd7 5. Bd3 c5 6. c3 Nc6 7. Ne2 cxd4 8. cxd4
f6 9. exf6 Nxf6 10. Nf3 Bd6 11. O-O O-O 12. Bf4 Nh5 13. Bxd6 Qxd6 14. Qd2 Nf4
15. Nxf4 Qxf4 16. Rad1 Bd7 17. Qe2 a6 18. Bb1 g5 19. h3 Rf7 20. Rd3 Raf8 21.
Re1 g4 22. hxg4 Qxg4 23. Ne5 Qxe2 24. Rxe2 Re7 25. Rg3+ Kh8 26. Nf3 Rg7 27. Kh2
Rf6 28. Rxg7 Kxg7 29. Rd2 Be8 30. Ng1 Rf8 31. Nf3 h6 32. Kg3 Rf6 33. Nh4 Kf7
34. f4 Ke7 35. Nf3 Bg6 36. Bxg6 Rxg6+ 37. Kf2 Kd6 38. Ke3 Rg3 39. Kf2 Rg6 40.
Ke3 Rg3 41. Kf2 Rg7 42. g3 Ne7 43. Ne5 h5 44. Nd3 Nf5 45. Nc5 b6 46. Nxa6 Rxg3
47. Rc2 Rf3+ 48. Kg1 Nxd4 49. Rh2 Rxf4 50. Rxh5 Ne2+ 51. Kh2 Ra4 52. Nb8 Rxa2
53. Rh7 Rxb2 54. Rd7+ Ke5 55. Nc6+ Ke4 56. Kh3 Rc2 57. Rd6 e5 58. Nb4 Nf4+ 59.
Kh4 Rh2+ 60. Kg5 Rg2+ 61. Kh6 Rb2 62. Rxb6 d4 0-1

[Event "C.to Italiano Semifinale"]
[Site "San Martino di Castrozza - Siror ITA"]
[Date "2003.06.26"]
[Round "6"]
[White "Iotti, Pierluigi"]
[Black "Cocchi, Andrea"]
[Result "1-0"]
[WhiteElo "2314"]
[BlackElo "2311"]
[PlyCount "83"]
[EventDate "2003.06.21"]

1. d4 Nf6 2. c4 c6 3. Nc3 d5 4. Nf3 a6 5. c5 Nbd7 6. Bf4 Nh5 7. e3 Nxf4 8. exf4
g6 9. Bd3 b6 10. cxb6 Qxb6 11. Qd2 Bg7 12. Be2 O-O 13. O-O Rb8 14. b3 f6 15.
Rac1 Bh6 16. g4 Qb4 17. h4 Qd6 18. g5 Bg7 19. Na4 fxg5 20. Ne5 Rxf4 21. Rxc6
Qa3 22. hxg5 Rxd4 23. Qxd4 Nxe5 24. Qxd5+ Nf7 25. Bc4 e6 26. Qc5 Qxc5 27. Nxc5
Nxg5 28. Nxe6 Nf3+ 29. Kg2 Nh4+ 30. Kh2 Kh8 31. Nxg7 Kxg7 32. Be6 Nf3+ 33. Kg3
Bxe6 34. Rxe6 Rf8 35. Rxa6 h5 36. Rd1 Kh6 37. Rdd6 Ne5 38. f4 h4+ 39. Kxh4
Rxf4+ 40. Kg3 Rf3+ 41. Kg2 Rf5 42. Rd5 1-0